| 000 | 00535nam a2200193 a 4500 | ||
|---|---|---|---|
| 005 | 20140310183457.0 | ||
| 008 | 100323s19uu xx 00 eng d | ||
| 020 | _a978-971-584-617-2 | ||
| 050 |
_aPL 6058.9 _b.R49 2007 |
||
| 100 | _aReyes, Edgardo M. | ||
| 245 |
_aSa mga kuko ng liwanag / _cEdgado M. Reyes. |
||
| 250 | _a2nd. ed. | ||
| 260 |
_aQuezon City : _bC & E Publishing, _cc2007. |
||
| 300 |
_a165 p. : _c18 cm. |
||
| 650 | _aShort stories, Filipino. | ||
| 942 |
_cBK _2lcc _kLOC |
||
| 999 |
_c23659 _d23659 |
||